000 00902nas a2200289 4500
001 BR2012004543
003 BR-BrBNA
005 20231205120818.0
007 ta
008 230509b bl.|||p| |||| 00| 00por d
040 _aBR-BrBNA
_bpor
_cBiblioteca Nacional de Agricultura
041 _a(En)
072 _aH10
100 1 _aDong, S.
100 1 _aZheng, G.
100 1 _aYu, X.
100 1 _aFu, C.
245 1 _aBiological control of golden apple snail, Pomaceae canaliculata by Chinese soft-shelled turtle, Pelodiscus sinensis in the wild rice, Zizania latifolia filed
650 _aARROZ SILVESTRE
650 _aCOBRA
650 _aTARTARUGA
650 _aCONTROLE BIOLÓGICO
650 _aPREDADOR
773 0 _tScientia Agricola (Brazil)
_xISSN 0103-9016
_g(Mar-Apr 2012), v. 69(2) p. 142-146
_wBR2012004543
909 _a202311
_bLúcia
_c55
_dLúcia Elande
942 _2AGRIS
_n0
_cANA
999 _c220440
_d220440